000 01173nam a2200229Ia 4500
003 Ost
005 20260507075359.0
008 260507s9999||||xx |||||||||||||| ||und||
020 _a544859957978
040 _cfsecg
041 _aara
082 _a330
100 _aحماد، خالد
_eمؤلف
245 0 _aالتسويق الدولي /
_c خالد حماد
260 _aعمان:
_bدار أمجد للنشر والتوزيع,
_c2015
300 _a220 صفحة؛
_bإيضاحات ؛
_c25 سم
520 _aالتسويق الدولي وأبعاد الدخول للأسواق الدولية، الدور الانمائي للتجارة الدولية، مراحل تطور التسويق الدولي، تقييم البيئة الدولية، البيئة الاقتصادية، شروط التسليم في التجارة الدولية، استراتيجية وبرامج الترويج الدولية، استراتيجيات الدخول في الأسواق الدولية والعوامل المؤثرة فيها
653 _aالتجارة الخارجية
653 _aالتسويق
653 _aالتسويق الدولي
942 _cكتاب
999 _c44260
_d44260